[Event "Neckar op 2nd"]
[Site "Deizisau"]
[Date "1998.04.11"]
[Round "7"]
[White "Leito, Priit"]
[Black "Bagirov, Vladimir"]
[Result "0-1"]
[WhiteElo "2355"]
[BlackElo "2460"]

1.c4 b6 2.Nf3 Bb7 3.e3 e6 4.b3 f5 5.Bb2 Nf6 6.Be2 g6 7.Qc2 Bg7 8.d3 O-O 9.O-O c5
10.Nbd2 d6 11.d4 Qe7 12.a3 Nbd7 13.b4 e5 14.bxc5 bxc5 15.Nb3 cxd4 16.exd4 e4
17.Ne1 Rac8 18.Na5 Ba8 19.Qd2 h5 20.Nc2 Kh7 21.f4 exf3 22.Bxf3 Ne4 23.Qe1 Nb6
24.Be2 d5 25.Ne3 Na4 26.Qc1 Rb8  0-1

[Event "GRE-chT"]
[Site "Poros"]
[Date "1998.04.20"]
[Round "1"]
[White "Tsarouhas, Konstantinos"]
[Black "Skalkotas, Nikolaos"]
[Result "1-0"]
[WhiteElo "2265"]
[BlackElo "2285"]

1.c4 b6 2.Nc3 e6 3.Nf3 Bb7 4.g3 Nf6 5.Bg2 Bb4 6.O-O O-O 7.d3 Bxc3 8.bxc3 d6
9.Bg5 h6 10.Bxf6 Qxf6 11.Qd2 Nd7 12.Rab1 Rae8 13.Rb2 Qd8 14.Ne1 Bxg2 15.Nxg2 f5
16.f4 Nc5 17.Qe3 Qd7 18.Qf3 g6 19.Ne3 Qg7 20.Rc2 Kh7 21.Qc6 Re7 22.Nd1 g5
23.d4 Ne4 24.e3 Rg8 25.Nf2 Nf6 26.Qf3 Qg6 27.Re2 Reg7 28.e4 gxf4 29.Qxf4 Nh5
30.exf5 Qf7 31.Qh4  1-0

[Event "POR-chT"]
[Site "Lisboa"]
[Date "1998.05.03"]
[Round "3"]
[White "Romero Holmes, Alfonso"]
[Black "Damaso, Rui"]
[Result "1/2-1/2"]
[WhiteElo "2490"]
[BlackElo "2440"]

1.c4 b6 2.d4 e6 3.Nc3 Bb7 4.a3 f5 5.d5 Nf6 6.g3 Bd6 7.Nf3 a5 8.Bg2 Na6 9.O-O Nc5
10.Nb5 O-O 11.Nxd6 cxd6 12.Bf4 e5 13.Be3 a4 14.Bxc5 bxc5 15.b4 e4 16.Nh4 Ng4
17.b5 g5 18.Nxf5 Rxf5 19.Bxe4 Rf7 20.h3 Qe7 21.Bg2 Ne5 22.Qc2 Kg7 23.Be4 Re8
24.f3  1/2-1/2

[Event "Agency"]
[Site "London"]
[Date "1998.06.15"]
[Round "1"]
[White "McNab, Colin Anderson"]
[Black "Rowson, Jonathan"]
[Result "1/2-1/2"]
[WhiteElo "2500"]
[BlackElo "2485"]

1.c4 b6 2.Nc3 Bb7 3.e4 e6 4.d3 Bb4 5.Ne2 d5 6.cxd5 exd5 7.Qa4+ Nc6 8.a3 Bxc3+
9.Nxc3 Ne7 10.Bg5 f6 11.Bf4 O-O 12.Be2 Rf7 13.d4 a6 14.Rd1 b5 15.Qc2 f5 16.e5 Ng6
17.Bc1 Nxd4 18.Rxd4 c5 19.Rd1 Nxe5 20.Nxd5 Bxd5 21.Qxc5 Rd7 22.O-O Rc8 23.Qe3 Qf6
24.Qg3 Ng6 25.Bf3 Qf7 26.Bh5 Rf8 27.Bxg6 Qxg6 28.Qxg6  1/2-1/2

[Event "Budapest FS06 GM"]
[Site "Budapest"]
[Date "1998.06.16"]
[Round "11"]
[White "Paschall, William M"]
[Black "Bunzmann, Dimitrij"]
[Result "0-1"]
[WhiteElo "2375"]
[BlackElo "2390"]

1.c4 b6 2.d4 Bb7 3.Nc3 e6 4.a3 f5 5.Nf3 Be7 6.d5 Bf6 7.Nd4 Ne7 8.dxe6 O-O
9.e3 c5 10.Ndb5 a6 11.Nd6 Bc6 12.Nd5 dxe6 13.Nxf6+ Rxf6 14.e4 fxe4 15.Bg5 Rg6
16.Nxe4 Qc7 17.Bxe7 Qxe7 18.Qd6 Qxd6 19.Nxd6 Nd7 20.f3 Kf8 21.Rd1 Ke7 22.Rd2 Ne5
23.f4 Ng4 24.f5 Rf6 25.Be2 Nh6 26.O-O exf5 27.Rfd1 Rg6 28.Bd3 Rxd6  0-1

[Event "Copenhagen op"]
[Site "Copenhagen"]
[Date "1998.06.23"]
[Round "3"]
[White "Jakobsen, Ole"]
[Black "Ward, Christopher"]
[Result "1/2-1/2"]
[WhiteElo "2345"]
[BlackElo "2480"]

1.c4 b6 2.d4 e6 3.a3 Bb7 4.d5 f5 5.g3 Nf6 6.Bg2 Ne4 7.Nf3 Bc5 8.O-O Qf6 9.Qd3 O-O
10.Nbd2 exd5 11.cxd5 Re8 12.Rb1 Nxf2 13.Rxf2 Re3 14.Qc2 Rxe2 15.Qxc5 bxc5
16.Rxe2 Bxd5 17.b3 Nc6 18.Bb2 Qd6 19.Rbe1 Nd4 20.Nxd4 cxd4 21.Bxd5+ Qxd5
22.Re5 Qc6 23.Bxd4 Rf8 24.Nc4 d6 25.Re7 Rf7 26.Re8+ Rf8  1/2-1/2

[Event "Budapest FS08 IM-B"]
[Site "Budapest"]
[Date "1998.08.03"]
[Round "3"]
[White "Kolbus, Dietmar"]
[Black "Bokros, Albert"]
[Result "0-1"]
[WhiteElo "2320"]
[BlackElo "2365"]

1.c4 b6 2.e4 Bb7 3.Nc3 e6 4.Nf3 c5 5.d4 cxd4 6.Nxd4 d6 7.Bd3 Nf6 8.O-O Nbd7
9.Qe2 Be7 10.b3 O-O 11.Bb2 a6 12.Rad1 Rc8 13.Bb1 Qc7 14.Kh1 Rfe8 15.f4 Bf8
16.Nf3 Qb8 17.Rde1 g6 18.Ng5 Bh6 19.Qf2 Bg7 20.Rd1 h6 21.Nh3 Red8 22.Qe2 Nc5
23.Rd2 b5 24.b4 Ncd7 25.cxb5 axb5 26.Qxb5 Qa8 27.Qe2 Nb6 28.Bd3 d5 29.e5 Ne4
30.Bxe4 dxe4 31.Rxd8+ Rxd8 32.Rd1 Rc8 33.Rd4 Na4 34.Nxa4 Qxa4 35.a3 Qb3 36.Ng1 Bd5
37.h3 Rc2 38.Rd2 Bc4 39.Rxc2 Bxe2 40.Rxe2 g5 41.fxg5 hxg5 42.Bc1 Qb1 43.Bb2 Qd3
44.Re1 g4 45.hxg4 Bh6 46.g5 Bxg5 47.Bc1 Qc3 48.Rxe4 Bxc1 49.a4 Kf8 50.Nf3 Qc2
51.Rg4 Qxa4 52.Kh2 Bb2 53.Re4 Qb5 54.Kh1 Bc3 55.Re3 Qxb4 56.Re2 Qc4 57.Re3 Bd2
58.Nxd2 Qc1+ 59.Kh2 Qxd2 60.Re4 Qd3 61.Re1 Kg7 62.Kg1 Kg6 63.Kf2 Kf5 64.Re3 Qxe3+
65.Kxe3 Kxe5 66.Kf3 Kf5 67.Ke3 Kg4 68.Kf2 e5 69.g3 f5 70.Kg2 e4 71.Kf2 Kh3  0-1

[Event "POL-chTJ"]
[Site "Rowy"]
[Date "1998.08.28"]
[Round "9"]
[White "Cyborowski, Lukasz"]
[Black "Radziewicz, Iweta"]
[Result "1-0"]
[WhiteElo "2390"]
[BlackElo "2425"]

1.c4 b6 2.Nc3 e6 3.d4 Bb7 4.e4 Bb4 5.f3 Ne7 6.Bd3 f5 7.Bg5 O-O 8.exf5 Qe8
9.fxe6 Nf5 10.Ne2 Qxe6 11.O-O Ne3 12.Bxe3 Qxe3+ 13.Kh1 Bd6 14.Nb5 Nc6 15.Nxd6 cxd6
16.Be4 Ba6 17.Bd5+ Kh8 18.Nc3 Rac8 19.Ne4 Nb4 20.Nxd6 Nxd5 21.Nxc8 Bxc4 22.Re1 Qf2
23.Rc1 Nf4 24.Rc2 Nd3 25.Nd6 Bxa2 26.Ree2 Qxd4 27.Rcd2 Qxd6 28.Rxd3 Qc5 29.b3 Qa3
30.Qa1 Rc8 31.Rc3 Rxc3 32.Re8+  1-0

[Event "Elista ol (Men)"]
[Site "Elista"]
[Date "1998.10.02"]
[Round "4"]
[White "Allahverdiev, Anar"]
[Black "Krakops, Maris"]
[Result "0-1"]
[WhiteElo "2455"]
[BlackElo "2510"]

1.c4 b6 2.Nf3 Bb7 3.g3 c5 4.Bg2 g6 5.O-O Bg7 6.Nc3 Nc6 7.e3 Nh6 8.d4 Nf5
9.Re1 Na5 10.b3 cxd4 11.exd4 Bxf3 12.Qxf3 Nc6 13.d5 Ne5 14.Qe4 Nxc4 15.bxc4 Bxc3
16.Ba3 O-O 17.Rac1 Bxe1 18.Rxe1 Rc8 19.Bf1 Re8 20.h4 e5 21.d6 Rc6 22.Qd5 Nd4
23.Rd1 Qf6 24.Bh3 Ne2+ 25.Kg2 Nc3 26.Bxd7 Nxd5 27.Bxe8 Rxc4  0-1

[Event "Budapest FS10 GM"]
[Site "Budapest"]
[Date "1998.10.08"]
[Round "6"]
[White "Csom, Istvan"]
[Black "Czebe, Attila"]
[Result "1-0"]
[WhiteElo "2475"]
[BlackElo "2455"]

1.c4 b6 2.b3 Bb7 3.Bb2 e6 4.Nf3 Nf6 5.e3 d5 6.Be2 Bd6 7.O-O O-O 8.d3 Nbd7
9.Nbd2 Qe7 10.a3 c5 11.cxd5 exd5 12.Re1 Rfe8 13.h3 Rac8 14.Qb1 Bb8 15.Bf1 Qd6
16.Qa2 c4 17.Bd4 c3 18.Nb1 Ne4 19.g3 c2 20.dxe4 c1=Q 21.Rxc1 Rxc1 22.Nbd2 Rxa1
23.Qxa1 dxe4 24.Nh4 Ne5 25.Bb5 Bc6 26.Bxe5 Qxd2 27.Bc3 Qd7 28.Bxc6 Qxc6 29.Bxg7 Qe6
30.Kg2 Be5 31.Bxe5 Qxe5 32.Qd1 Qf6 33.Qd7 Kf8 34.Qxa7 Rc8 35.Qd7 Qe6 36.Qd4 h5
37.Qh8+ Ke7 38.Qxh5 Qxb3 39.Nf5+ Kd7 40.Nd4 Qa2 41.Qb5+ Ke7 42.Qb4+ Rc5 43.Qxb6 Qd5
44.g4 Rc1 45.a4 Qc5 46.Nf5+ Kd7 47.Qb7+ Qc7 48.Qd5+ Kc8 49.Qxe4  1-0

[Event "Elista ol (Men)"]
[Site "Elista"]
[Date "1998.10.09"]
[Round "10"]
[White "Rodgaard, John"]
[Black "Damaso, Rui"]
[Result "1-0"]
[WhiteElo "2320"]
[BlackElo "2430"]

1.c4 b6 2.Nf3 Bb7 3.g3 Bxf3 4.exf3 c5 5.d4 cxd4 6.Qxd4 Nc6 7.Qd2 g6 8.Nc3 Bg7
9.b3 Nh6 10.Bb2 Nf5 11.Bg2 Rc8 12.O-O O-O 13.Rad1 d6 14.f4 a6 15.Rfe1 h6
16.Bxc6 Rxc6 17.Nd5 h5 18.Bxg7 Kxg7 19.Nb4 Qa8 20.Nxc6 Qxc6 21.Qd5 Qc7 22.Re2 Rb8
23.Red2 b5 24.cxb5 Rxb5 25.Qd3 Qb7 26.Rc2 Kh7 27.Qc4 d5 28.Qc8 Qb6 29.Rc6 Qa5
30.Rxa6  1-0

[Event "Budapest FS10 IM-A"]
[Site "Budapest"]
[Date "1998.10.12"]
[Round "10"]
[White "Pham Minh Hoang"]
[Black "Jamrich, Gyorgy"]
[Result "1/2-1/2"]
[WhiteElo "2245"]
[BlackElo "2310"]

1.c4 b6 2.Nc3 e6 3.Nf3 Bb7 4.e4 Bb4 5.Bd3 Ne7 6.O-O O-O 7.Bc2 Ng6 8.d4 Bxc3
9.bxc3 d6 10.Ng5 h6 11.Nh3 Nd7 12.f4 f5 13.Qh5 Ne7 14.e5 d5 15.cxd5 Bxd5
16.Ba3 c5 17.Qh4 Rf7 18.Bd1 Rc8 19.Bh5 g6 20.Bf3 Kg7 21.Qg3 Kh7 22.Bxd5 Nxd5
23.c4 Nc7 24.d5 Rg7 25.Rad1 Nf8 26.Rd2 Rd7 27.Rfd1 a6 28.Nf2 b5 29.Bxc5 bxc4
30.Bxf8 Qxf8 31.dxe6 Re7 32.Rd6 Qe8 33.Rc1 Nxe6 34.Rxa6 Qb5 35.Rd6  1/2-1/2

[Event "BL2-N9899"]
[Site "Germany"]
[Date "1998.10.18"]
[Round "1.5"]
[White "Schian, Thomas"]
[Black "Breier, Andreas"]
[Result "1/2-1/2"]
[WhiteElo "2300"]
[BlackElo "2230"]

1.c4 b6 2.Nc3 Bb7 3.e4 c5 4.g3 Nf6 5.Bg2 e6 6.Nge2 d6 7.O-O a6 8.d4 cxd4
9.Nxd4 Qc7 10.Be3 Nbd7 11.Rc1 Be7 12.Re1 Rc8 13.f4 Qb8 14.Qe2 O-O 15.e5 Ne8
16.f5 Nxe5 17.fxe6 fxe6 18.Nxe6 Bxg2 19.Qxg2 Nf3+ 20.Kh1 Nxe1 21.Rxe1 Rf7
22.Nd5 b5 23.cxb5 Qxb5 24.Nd4 Qb7 25.Nf5 Bf8 26.Bd4 Rb8 27.Nh6+ gxh6 28.Rxe8 Rf1+
29.Bg1 Rxg1+ 30.Kxg1 Qxb2 31.Rxb8 Qxb8 32.Qe4 Bg7 33.Kg2 Qb2+ 34.Kh3 Qe5
35.Qc4 Qe6+ 36.Kg2 Kh8 37.Nb6 Qxc4 38.Nxc4 d5 39.Ne3 d4 40.Nf5 d3 41.Kf3 Bc3
42.Nxh6 Kg7 43.Ng4  1/2-1/2

[Event "Bundesliga 9899"]
[Site "Germany"]
[Date "1998.10.18"]
[Round "2.4"]
[White "Smejkal, Jan"]
[Black "Bunzmann, Dimitrij"]
[Result "1/2-1/2"]
[WhiteElo "2525"]
[BlackElo "2390"]

1.c4 b6 2.e4 Bb7 3.Nc3 e6 4.g3 f5 5.Bg2 Nf6 6.d3 Bb4 7.Ne2 fxe4 8.O-O O-O
9.Bg5 Be7 10.dxe4 Ng4 11.Bxe7 Qxe7 12.Nd4 Ne5 13.b3 Nbc6 14.Nc2 Nb4 15.Nxb4 Qxb4
16.Rc1 Qc5 17.Rc2 Rf7 18.Kh1 Nc6 19.f4 Raf8 20.e5 Qe7 21.Rcf2 Qb4 22.Ne4 h6
23.Kg1 b5 24.cxb5 Qxb5 25.Qd2  1/2-1/2

[Event "Bourbon Lancy op"]
[Site "Bourbon Lancy"]
[Date "1998.10.25"]
[Round "3"]
[White "Claverie, Christophe"]
[Black "Chatalbashev, Boris"]
[Result "1/2-1/2"]
[WhiteElo "2315"]
[BlackElo "2535"]

1.c4 b6 2.Nf3 Bb7 3.g3 Bxf3 4.exf3 c5 5.d4 cxd4 6.Qxd4 Nc6 7.Qd2 e6 8.Nc3 Bb4
9.a3 Bxc3 10.Qxc3 Qf6 11.Qxf6 Nxf6 12.Be3 Rc8 13.Rc1 Ke7 14.Be2 Rhd8 15.O-O d5
16.cxd5 Nxd5 17.Ba6 Rc7 18.Rfd1 Nxe3 19.Rxd8 Kxd8 20.fxe3 Ne5 21.Rxc7 Kxc7
22.Kf2 Kc6 23.Be2 Kd5 24.b3 a5 25.f4 Nd7 26.Bd3 Nc5 27.Bxh7 Nxb3 28.g4 b5
29.h4 Nd2 30.Ke2 Ne4 31.Bxe4+ Kxe4 32.h5 f6 33.g5 fxg5 34.fxg5 Kf5 35.h6 gxh6
36.gxh6 Kg6 37.Kd3 Kxh6 38.Kd4 Kg5 39.Kc5 b4 40.axb4 axb4  1/2-1/2

[Event "Najdorf op"]
[Site "Buenos Aires"]
[Date "1998.10.25"]
[Round "2"]
[White "Patriarca, Luis"]
[Black "Hoffman, Alejandro"]
[Result "0-1"]
[WhiteElo "2295"]
[BlackElo "2525"]

1.c4 b6 2.Nc3 Bb7 3.e4 e6 4.g3 Bb4 5.Bg2 Bxc3 6.bxc3 Ne7 7.d3 O-O 8.Nf3 c5
9.O-O Nbc6 10.Ne1 d5 11.cxd5 exd5 12.exd5 Nxd5 13.Bb2 Qd7 14.Nf3 Rad8 15.d4 cxd4
16.cxd4 f6 17.Re1 Rfe8 18.Rxe8+ Rxe8 19.Qd2 Na5 20.Re1 Nc4 21.Rxe8+ Qxe8
22.Qc2 b5 23.Bc1 Ndb6 24.h4 Bd5 25.Bf4 Qe4 26.Qc1 Qe2 27.Nd2 Bxg2 28.Kxg2 Nd5
29.Nxc4 bxc4 30.Bd6 Qe4+ 31.Kg1 c3 32.Ba3 c2 33.Qd2 h5 34.Qa5 Qxd4 35.Qd8+ Kh7
36.Qd7 Qd1+ 37.Kh2 Ne3 38.Qe8 Ng4+ 39.Kg2 Qd5+ 40.Kg1 Qe5  0-1

[Event "Bourbon Lancy op"]
[Site "Bourbon Lancy"]
[Date "1998.10.31"]
[Round "9"]
[White "Komljenovic, Davor"]
[Black "Prevot, Emmanuel"]
[Result "1-0"]
[WhiteElo "2480"]
[BlackElo "2200"]

1.c4 b6 2.Nc3 Bb7 3.d4 e6 4.a3 Nf6 5.Bg5 d5 6.cxd5 exd5 7.e3 Be7 8.Nf3 O-O
9.Bd3 Ne4 10.Bf4 Nxc3 11.bxc3 Nd7 12.O-O Bd6 13.Bg3 Bxg3 14.hxg3 c5 15.Qb1 g6
16.a4 Bc6 17.Rd1 Qe7 18.Bb5 Rfc8 19.Ba6 Re8 20.c4 Rad8 21.Qa2 Nb8 22.Ne5 Ba8
23.Bb5 Rf8 24.a5 cxd4 25.exd4 a6 26.axb6 dxc4 27.Bxc4 Qb7 28.f4 Qxb6 29.Bxf7+ Kg7
30.Kh2 Rxd4 31.Rab1 Qa7 32.Qb2 Rxd1 33.Rxd1 Qb7 34.Bb3 Rf5 35.Ng4+  1-0

[Event "Najdorf op"]
[Site "Buenos Aires"]
[Date "1998.11.01"]
[Round "9"]
[White "Sunye Neto, Jaime"]
[Black "Garbarino, Rodolfo"]
[Result "1-0"]
[WhiteElo "2520"]
[BlackElo "2395"]

1.c4 b6 2.Nc3 Bb7 3.Nf3 e6 4.g3 Bxf3 5.exf3 c5 6.d4 cxd4 7.Qxd4 Nf6 8.Bg2 Nc6
9.Qd3 Be7 10.O-O O-O 11.f4 Rc8 12.Rd1 Qc7 13.Qe2 Rfe8 14.Be3 Qb8 15.Rac1 Bc5
16.g4 d5 17.cxd5 exd5 18.Nxd5 Nxd5 19.Bxd5 h5 20.g5 Rxe3 21.fxe3 Qxf4 22.Kh1 Qxg5
23.Bxc6 Rxc6 24.b4  1-0

[Event "Oberliga Sued W9899"]
[Site "Wuertemberg"]
[Date "1998.11.08"]
[Round "2"]
[White "Steiger, Wolfgang"]
[Black "Bronznik, Valerij"]
[Result "1/2-1/2"]
[WhiteElo "2325"]
[BlackElo "2405"]

1.c4 b6 2.e4 Bb7 3.Nc3 e6 4.Nf3 Bb4 5.Bd3 Ne7 6.a3 Bxc3 7.dxc3 O-O 8.Qc2 d6
9.O-O Nd7 10.Bg5 f6 11.Bd2 Ng6 12.Nd4 Re8  1/2-1/2

[Event "SLO-chT"]
[Site "Bled"]
[Date "1998.11.13"]
[Round "7"]
[White "Petek, Pavel"]
[Black "Barle, Janez"]
[Result "0-1"]
[WhiteElo "2155"]
[BlackElo "2395"]

1.c4 b6 2.Nf3 Bb7 3.g3 Bxf3 4.exf3 c5 5.d4 cxd4 6.Qxd4 Nc6 7.Qh4 Nf6 8.Bg5 e6
9.Nc3 Be7 10.Rd1 O-O 11.Bd3 Ne5 12.Be4 h6 13.Be3 Rc8 14.Rd4 Nfg4 15.Qh5 Nxe3
16.fxe3 Nxc4 17.Nd1 Bf6 18.Rd3 d5 19.f4 Qe7 20.Bf3 Qb4+ 21.Kf2 Nxb2 22.Nxb2 g6
23.Qxh6 Rc2+ 24.Be2 Qxb2 25.Re1 Bc3  0-1

[Event "Owens Corning"]
[Site "Wrexham"]
[Date "1998.11.24"]
[Round "7"]
[White "Martinovsky, Eugene"]
[Black "Ward, Christopher"]
[Result "1-0"]
[WhiteElo "2365"]
[BlackElo "2505"]

1.c4 b6 2.d4 Bb7 3.Bg5 f6 4.Bf4 e6 5.Nf3 Bb4+ 6.Nfd2 e5 7.dxe5 Nc6 8.e4 fxe5
9.Be3 Nf6 10.Bd3 d6 11.O-O O-O 12.Nb3 Bc8 13.h3 a5 14.a3 Bc5 15.Nxc5 bxc5
16.Nc3 Nd4 17.f4 exf4 18.Bxf4 Qe8 19.Qe1 Rb8 20.Nb5 Qg6 21.Qe3 Nxb5 22.cxb5 Qf7
23.a4 Qb3 24.e5 c4 25.Ra3 Qxb2 26.Bxc4+ d5 27.Rb3 Qc2 28.exf6 Qxc4 29.fxg7 Rd8
30.Bh6 Bd7 31.Qe7 Qc5+  1-0

[Event "NRW-Liga II 9899"]
[Site "GER"]
[Date "1998.12.03"]
[Round "3"]
[White "Claesen, Pieter"]
[Black "Emms, John M"]
[Result "0-1"]
[WhiteElo "2410"]
[BlackElo "2585"]

1.c4 b6 2.Nc3 Bb7 3.e4 e6 4.Nf3 Bb4 5.Qe2 Ne7 6.g3 f5 7.e5 g5 8.Bg2 g4 9.Nh4 Bxg2
10.Nxg2 Nbc6 11.h3 Nd4 12.Qd1 Nf3+ 13.Kf1 Nxe5 14.d4 gxh3 15.Qh5+ N5g6 16.Rxh3 Bxc3
17.bxc3 Qc8 18.Qf3 c6 19.Bg5 Qa6 20.Ne3 O-O-O 21.Kg2 Rdf8 22.Rah1 f4 23.Bxe7 Nxe7
24.gxf4 Nf5 25.Qe2 Rhg8+ 26.Kf1 Qa3 27.d5 exd5 28.cxd5 Re8 29.Qc2 Nxe3+ 30.Rxe3 cxd5
31.Rxe8+ Rxe8 32.Rxh7 Qa6+ 33.Kg2 Rg8+ 34.Kf3 Qf1 35.Rh5 Qg2+ 36.Ke3 Rg3+
37.Kd4 Rf3 38.Qf5 Qxf2+ 39.Ke5 Qe3+ 40.Kd6 Qc5+ 41.Ke5 Qe3+ 42.Kd6 Qc5+ 43.Ke5 Re3+
44.Kf6 Qe7+ 45.Kg6 Re6+  0-1

[Event "BEL-chT9899"]
[Site "Antwerp"]
[Date "1998.12.06"]
[Round "4"]
[White "Cekro, Ekrem"]
[Black "Groffen, Hans"]
[Result "1-0"]
[WhiteElo "2392"]
[BlackElo "2204"]

1.c4 b6 2.e4 Bb7 3.Nc3 e6 4.g3 f5 5.Bg2 Nf6 6.d3 fxe4 7.Nge2 Nc6 8.dxe4 Bc5
9.O-O Rb8 10.a3 a5 11.Nf4 O-O 12.Rb1 Bd4 13.Nb5 e5 14.Nd5 Rc8 15.b4 axb4
16.axb4 Ba6 17.Nxd4 Nxd4 18.b5 Nxd5 19.exd5 Bb7 20.Bb2 c5 21.bxc6 dxc6 22.Bxd4 exd4
23.Qxd4 cxd5 24.Qxb6 Qxb6 25.Rxb6 Ba8 26.cxd5 Rc2 27.Rd6 Ra2 28.Rd7 Rd2 29.Bh3 h6
30.Be6+ Kh7 31.f4 Re2 32.f5 Kh8 33.Ra1  1-0

[Event "BEL-chT9899"]
[Site "Antwerp"]
[Date "1998.12.06"]
[Round "4"]
[White "Claesen, Pieter"]
[Black "Polaczek, Richard"]
[Result "1/2-1/2"]
[WhiteElo "2407"]
[BlackElo "2425"]

1.c4 b6 2.Nf3 Bb7 3.g3 Nf6 4.Bg2 e6 5.O-O Be7 6.b3 O-O 7.Bb2 c5 8.e3 a6 9.Qe2 d6
10.Nc3 Ne4 11.Nxe4 Bxe4 12.d3 Bb7 13.Rad1 Nd7 14.e4 b5 15.e5 dxe5 16.Nxe5 Bxg2
17.Kxg2 Nxe5 18.Bxe5 Qb6 19.Rfe1 Rfd8 20.Qg4 Bf8 21.h4 Rd7 22.h5 h6 23.d4 Qc6+
24.d5 exd5 25.cxd5 Qb7 26.Qf3 Rad8 27.Bf4 Qa8 28.g4 Rxd5 29.Rxd5 Qxd5 30.Qxd5 Rxd5
31.Re8 f5 32.f3 fxg4 33.fxg4 a5 34.Rb8 c4 35.bxc4 bxc4 36.Rc8 Rd3 37.Rxc4 Ra3  1/2-1/2

[Event "Oberliga Sued W9899"]
[Site "Wuertemberg"]
[Date "1998.12.13"]
[Round "4"]
[White "Steiger, Wolfgang"]
[Black "Dausch, Rene"]
[Result "1-0"]
[WhiteElo "2325"]
[BlackElo "2295"]

1.c4 b6 2.Nc3 Bb7 3.e4 e6 4.Bd3 Ne7 5.Nge2 d5 6.exd5 exd5 7.O-O g6 8.Nf4 dxc4
9.Bxc4 Bg7 10.Bxf7+ Kxf7 11.Qb3+ Nd5 12.Nfxd5 Bxd5 13.Nxd5 Kf8 14.Nf4  1-0

[Event "BEL-chT 9798"]
[Site "Antwerp"]
[Date "1998.??.??"]
[Round "7"]
[White "Cekro, Ekrem"]
[Black "Welling, Gerard"]
[Result "0-1"]
[WhiteElo "2380"]
[BlackElo "2335"]

1.c4 b6 2.Nc3 e6 3.g3 Bb7 4.e4 f5 5.Bg2 Nf6 6.d3 Bb4 7.Ne2 O-O 8.O-O fxe4
9.dxe4 Nc6 10.h3 Rb8 11.a3 Bxc3 12.Nxc3 Qe8 13.Be3 Qg6 14.Qe2 d6 15.Rad1 h5
16.b4 Rf7 17.c5 dxc5 18.bxc5 Ne7 19.Qc4 e5 20.Rd2 Rf8 21.Rfd1 Kh7 22.Qe6 Nc6
23.Nd5 Re8 24.Nxf6+ Rxf6 25.Qc4 Na5 26.Qb4 Bc8 27.Qc3 Bb7 28.Rd7 Bxe4 29.Bxe4 Qxe4
30.Rxc7 Nc4 31.Bg5 Rf3 32.Re1 Qd5 33.Qc2+ e4 34.cxb6 Qxg5 35.Rxc4 Rxg3+ 36.fxg3 Qxg3+
37.Kh1 Qxe1+ 38.Kh2 axb6 39.Rc6 Qa5 40.Kg2 Qxa3 41.Rxb6 Qf3+ 42.Kh2 Qf4+
43.Kg2 Re5  0-1

[Event "Oberliga Bayern9798"]
[Site "Bayern"]
[Date "1998.??.??"]
[Round "?"]
[White "Kindtner, Ulrich"]
[Black "Gernert, Ingolf"]
[Result "1-0"]
[WhiteElo "2185"]
[BlackElo "1935"]

1.c4 b6 2.Nc3 c5 3.Nf3 Bb7 4.e4 d6 5.d4 cxd4 6.Nxd4 Nf6 7.f3 e6 8.Be2 Be7
9.O-O O-O 10.Be3 Nbd7 11.Rc1 Qb8 12.Qd2 Rc8 13.Rfd1 Ne5 14.b3 Rd8 15.h3 Rd7
16.Qc2 Qd8 17.f4 Nc6 18.Nxc6 Bxc6 19.Bf3 Rc8 20.Qd3 Qc7 21.Nd5 Qb8 22.Nxe7+ Rxe7
23.Bf2 Ne8 24.Be1 Rd7 25.Bc3 Rcd8 26.Qe3 Qa8 27.Rd2 b5 28.cxb5 Bxb5 29.Ba5 Rc8
30.Rdc2 Rxc2 31.Rxc2 Bc6 32.Bc3 Re7 33.Bb2 f6 34.Qd4 Rc7 35.b4 a6 36.Re2 Bb5
37.Re1 Rc4 38.Qd2 Qc8 39.Rc1 Ba4 40.Rxc4 Qxc4 41.a3 Kf7 42.Kh2 Ke7 43.Qe3 Nc7
44.e5 Nd5 45.exf6+ Nxf6 46.Be2 Qc2 47.Bxf6+ Kxf6 48.Bxa6 Bc6 49.Bf1 Bd5 50.b5 Qb1
51.Kg1 Qa1 52.b6 Bb7 53.Qd3 Ke7 54.Qc4 Kf6 55.a4 Qe1 56.Qd4+ Kf7 57.Qd3 Qa1
58.Kh2 Qxa4 59.Qxd6 Qe4 60.Qe5 Ke7 61.Qxg7+  1-0

[Event "Regionalliga NW9798"]
[Site "Bayern"]
[Date "1998.??.??"]
[Round "?"]
[White "Zschunke, Werner"]
[Black "Weber, Dietmar"]
[Result "1-0"]
[WhiteElo "2020"]
[BlackElo "1955"]

1.c4 b6 2.Nc3 Bb7 3.d4 e6 4.e4 Bb4 5.f3 Bxe4 6.fxe4 Qh4+ 7.Ke2 Bxc3 8.bxc3 Qxe4+
9.Kd2 Nf6 10.Qf3 Nc6 11.Bd3 Qxf3 12.Nxf3 O-O-O 13.c5 d6 14.cxb6 axb6 15.Kc2 h6
16.Bd2 g5 17.h3 Nd7 18.Rhe1 Ne7 19.a4 c6 20.c4 Kb7 21.a5 Ra8 22.axb6 Rxa1
23.Rxa1 Ra8 24.Rxa8 Kxa8 25.Bb4 c5 26.dxc5 dxc5 27.Bc3 Nxb6 28.Bg7 Nf5 29.Bxf5 exf5
30.Kd3 Nd7 31.Ne5 Nxe5+ 32.Bxe5 Kb7 33.Bg7 h5 34.Ke3 Kc6 35.Bf6 g4 36.h4 Kd6
37.Kf4 Ke6 38.Bb2 f6 39.g3  1-0

[Event "Regionalliga NW9798"]
[Site "Bayern"]
[Date "1998.??.??"]
[Round "?"]
[White "Bucka, Reinhard"]
[Black "Sternheimer, Erhard"]
[Result "1-0"]
[WhiteElo "2075"]
[BlackElo "2115"]

1.c4 b6 2.Nf3 Bb7 3.Nc3 Nf6 4.d4 e6 5.g3 Be7 6.Bg2 O-O 7.O-O d5 8.Ne5 Na6
9.cxd5 exd5 10.Qa4 Qe8 11.Qxe8 Rfxe8 12.Bg5 Ne4 13.Bxe7 Rxe7 14.e3 f6 15.Nd3 c6
16.Rac1 Rd8 17.Rfd1 Rd6 18.Na4 Bc8 19.h4 h6 20.Kh2 Rd8 21.b3 Bd7 22.Nc3 Kf7
23.Bh3 Bxh3 24.Kxh3 c5 25.dxc5 Naxc5 26.Nxe4 Nxe4 27.Kg2 d4 28.Nb4 Red7 29.Nc6 Rc8
30.Ne5+ fxe5 31.Rxc8 d3 32.f3 Nc5 33.b4 Na4 34.Rd2 b5 35.Kf2 Nb6 36.Rc3 e4
37.fxe4 Nc4 38.Rcxd3 Re7 39.Re2 Rxe4 40.Rd7+ Kf6 41.Rxa7 Ne5 42.a3 g5 43.Ra6+ Kf5
44.hxg5 hxg5 45.Rb6 Kg4 46.Rxb5 Nd3+ 47.Kg2 Nc1 48.Rd2 Rxe3 49.Rd4+ Kh5 50.Rdd5 Rxa3
51.Rxg5+ Kh6 52.Rgc5  1-0

[Event "Landesliga Sued 9899"]
[Site "Bayern"]
[Date "1998.??.??"]
[Round "?"]
[White "Soergel, Thomas"]
[Black "Berthold, Wolfgang"]
[Result "1-0"]
[WhiteElo "2075"]
[BlackElo "2030"]

1.c4 b6 2.d4 Nf6 3.Nc3 Bb7 4.Nf3 e6 5.e3 Be7 6.Bd3 d5 7.cxd5 exd5 8.O-O O-O
9.b3 c5 10.Bb2 Nbd7 11.Rc1 Ne4 12.Ne2 Bd6 13.Bb1 Qe7 14.Re1 f5 15.dxc5 bxc5
16.Nf4 d4 17.Nd3 dxe3 18.Rxe3 g5 19.Nd2 g4 20.Nxe4 Bxe4 21.Rxe4 Bxh2+ 22.Kf1 Qh4
23.Nxc5 Nb6 24.Qd4 Qh6 25.Re7 Be5 26.Qxe5  1-0

[Event "Regionalliga NW9899"]
[Site "Bayern"]
[Date "1998.??.??"]
[Round "?"]
[White "Wiener, Horst"]
[Black "Hansen, Thomas"]
[Result "1/2-1/2"]
[WhiteElo "2230"]
[BlackElo "2030"]

1.c4 b6 2.Nc3 Bb7 3.d4 e6 4.e4 Bb4 5.f3 f5 6.e5 Nh6 7.Be3 O-O 8.Qd2 Nf7 9.Bd3 c5
10.f4 cxd4 11.Bxd4 d5 12.Nf3 Nc6 13.cxd5 Nxd4 14.Nxd4 Bxd5 15.O-O-O Bxa2
16.Nc6 Bxc3 17.bxc3 Qc7 18.Qxa2 Qxc6 19.Bc4 Rfe8 20.Rd3 b5 21.Bb3 a5 22.Qd2 a4
23.Bc2 Rac8 24.Rd1 Qc4 25.Rd4 Qxc3 26.Qxc3 Rxc3 27.Kb2 Rc7 28.Bd3 Kf8 29.Ka2 Rb7
30.Rb1 Rc8 31.Rb2 g5 32.g3 gxf4 33.gxf4 Nd8 34.Rxb5 Rxb5 35.Bxb5 Nb7 36.Rd7 Nc5
37.Rxh7 Kg8 38.Ra7 Ne4 39.Bd7 Rc2+ 40.Ka3 Rxh2 41.Bxe6+ Kf8 42.Rxa4 Rh3+
43.Kb4 Rf3 44.Bxf5  1/2-1/2

[Event "Berliner Sommer 16th"]
[Site "Berlin"]
[Date "1998.??.??"]
[Round "9"]
[White "Turner, Matthew"]
[Black "Timoshenko, Georgy"]
[Result "1/2-1/2"]
[WhiteElo "2475"]
[BlackElo "2595"]

1.c4 b6 2.Nc3 Bb7 3.d4 e6 4.e4 Bb4 5.d5 f5 6.exf5 Nf6 7.fxe6 O-O 8.Bd3 dxe6
9.Ne2 exd5 10.O-O c6 11.cxd5 cxd5 12.Nd4 Re8 13.Bb5 Bxc3 14.bxc3 Nbd7 15.Bg5 Re5
16.Nf3 Re6 17.Nd4 Re5 18.Nf3 Re6 19.Nd4  1/2-1/2

[Event "Ceske Budejovice op"]
[Site "Ceske Budejovice"]
[Date "1998.??.??"]
[Round "?"]
[White "Razvan, Todor"]
[Black "Chernyshov, Konstantin"]
[Result "0-1"]
[WhiteElo "2205"]
[BlackElo "2485"]

1.c4 b6 2.Nf3 Bb7 3.g3 e6 4.Bg2 Nf6 5.Nc3 Be7 6.O-O O-O 7.Re1 Bb4 8.a3 Bxc3
9.bxc3 d6 10.d3 Nbd7 11.e4 a5 12.h3 a4 13.Be3 Ra5 14.Nd2 Qa8 15.Bf4 Nc5 16.Qc2 Nh5
17.Be3 f5 18.Bxc5 bxc5 19.Qd1 Nf6 20.Qe2 e5 21.Rab1 Bc6 22.Bf3 g6 23.Rb2 Ra7
24.Kg2 Rb7 25.Rxb7 Bxb7 26.h4 fxe4 27.Nxe4 Bxe4 28.Bxe4 Qa5 29.Qc2 Kg7 30.Bc6 Qa6
31.Bf3 Re8 32.Qe2 Qa5 33.Qd2 Rb8 34.Bd1 Qa6 35.Rh1 Qb7+ 36.Bf3 Qb2 37.Qe3 Qxc3
38.h5 Qd4 39.Qg5 Rb2 40.h6+ Kf7  0-1

[Event "Decin op-A"]
[Site "Decin"]
[Date "1998.??.??"]
[Round "6"]
[White "Kansky, Pavel"]
[Black "Janturin, Artur"]
[Result "0-1"]
[WhiteElo "2115"]
[BlackElo "2210"]

1.c4 b6 2.d4 e6 3.Nc3 Bb7 4.e4 Bb4 5.Bd3 f5 6.Qe2 Nf6 7.Bg5 fxe4 8.Bxe4 Nxe4
9.Bxd8 Nxc3 10.Qh5+ g6 11.Qe5 O-O 12.Kf1 Ne4 13.Nf3 Bd6 14.Qb5 Rxd8 15.Re1 Rf8
16.h4 Bc6 17.Rxe4 Bxb5 18.cxb5 Rf4 19.Re3 a6 20.h5 axb5 21.g3 Rf5 22.g4 Rf4
23.hxg6 hxg6  0-1

[Event "Decin op-A"]
[Site "Decin"]
[Date "1998.??.??"]
[Round "8"]
[White "Janda, Zdenek"]
[Black "Janturin, Artur"]
[Result "0-1"]
[WhiteElo "2265"]
[BlackElo "2210"]

1.c4 b6 2.Nf3 Bb7 3.g3 e6 4.Bg2 f5 5.b3 Nf6 6.Bb2 Be7 7.O-O O-O 8.d4 Qe8
9.Nc3 Ne4 10.Nb5 Na6 11.d5 c6 12.d6 Bf6 13.Bxf6 Rxf6 14.Na3 e5 15.c5 Naxc5
16.Nc4 Ba6 17.Qc2 Bxc4 18.Qxc4+ Kh8 19.b4 Nb7 20.Qa6 Nbxd6 21.Rac1 Nb5 22.Rfd1 d5
23.Qb7 Nbc3 24.Re1 Nxa2 25.Ra1 Rf7 26.Qa6 Nxb4 27.Qa4 c5 28.Qb3 Rc8 29.Rad1 a5  0-1